| Tag |
First Indicator |
Second Indicator |
Subfields |
| LEADER |
00000cam a2200000 a 4500 |
| 001 |
in00000009625 |
| 005 |
20151007051628.0 |
| 008 |
820702s1982 ilua b 00100 eng |
| 010 |
|
|
|a 81082879
|
| 020 |
|
|
|a 0256026033
|
| 035 |
|
|
|a (OCoLC)08605146
|
| 035 |
|
|
|9 AAA3998AM
|
| 040 |
|
|
|a DLC
|c DLC
|d m/c
|d TXA
|d UtOrBLW
|
| 043 |
|
|
|a n-us---
|
| 049 |
|
|
|a TXAM
|c [A11461444]
|
| 050 |
0 |
0 |
|a KF888
|b .B8 1982
|
| 082 |
0 |
|
|a 346.73/07
|a 347.3067
|2 19
|
| 245 |
0 |
0 |
|a Business law and the regulatory environment :
|b concepts and cases /
|c Harold F. Lusk [and others].
|
| 250 |
|
|
|a 5th ed.
|
| 264 |
|
1 |
|a Homewood, Ill. :
|b R.D. Irwin,
|c 1982.
|
| 300 |
|
|
|a xx, 1363 pages :
|b illustrations ;
|c 25 cm.
|
| 336 |
|
|
|a text
|b txt
|2 rdacontent
|
| 337 |
|
|
|a unmediated
|b n
|2 rdamedia
|
| 338 |
|
|
|a volume
|b nc
|2 rdacarrier
|
| 500 |
|
|
|a Revised edition of: Business law. 3rd U.C.C. edition 1974.
|
| 504 |
|
|
|a Includes bibliographical references and indexes.
|
| 650 |
|
0 |
|a Commercial law
|z United States
|v Cases.
|
| 650 |
|
0 |
|a Commercial law
|z United States.
|
| 700 |
1 |
|
|a Lusk, Harold F.,
|d 1893-1976.
|
| 999 |
|
|
|a MARS
|
| 999 |
f |
f |
|s 83553ab0-6bcc-3cf7-a9cf-762a0540f4b4
|i 89b13607-44c4-3bae-aad6-67a953c09448
|t 0
|
| 952 |
f |
f |
|p ric
|a Texas A&M University
|b Rellis Campus
|c Joint Library Facility
|d Remote Storage
|t 0
|e KF888 .B8 1982
|h Library of Congress classification
|i unmediated -- volume
|m A14811461444
|
| 998 |
f |
f |
|a KF888 .B8 1982
|t 0
|l Remote Storage
|